000 00463nam a2200169Ia 4500
003 GCL
008 140319s9999 xx 000 0 eng d
040 _aGCL /
_cGCL
082 0 4 _aCH
_b649.6
_bT H
100 1 _aTUXNORTH, NICOLA
245 1 0 _aHOP, SKIP, JUMP: A VERY FIRST PICTURE BOOK /
_cTUXNORTH, NICOLA
260 _a[S.N] :
_bLORENZ BOOKS ،
_c1997
650 0 4 _aCHILDREN
650 0 4 _aCHILDREN - BOOKS
650 0 4 _aCHILDREN - TRAINING
942 _2ddc
_cBK
999 _c14678
_d14678